| 000 | 00925nas a2200301 4500 | ||
|---|---|---|---|
| 001 | BR0903139 | ||
| 003 | BR-BrBNA | ||
| 005 | 20231205113430.0 | ||
| 007 | ta | ||
| 008 | 230509b bl.|||p| |||| 00| 00por d | ||
| 040 |
_aBR-BrBNA _bpor _cBiblioteca Nacional de Agricultura |
||
| 041 | _a(Pt) | ||
| 072 | _aQ04 | ||
| 100 | 1 | _aBaffa Júnior, J.C. | |
| 100 | 1 | _aSoares, N. de F.F. | |
| 100 | 1 | _aPereira, J.M. de S.T.K. | |
| 100 | 1 | _aMelo, N.R. de | |
| 245 | 1 | _aOcorrência de carbamato de etila em cachaças comerciais da região da Zona da Mata Mineira - MG | |
| 650 | _aCACHAÇA | ||
| 650 | _aBEBIDA ALCOÓLICA | ||
| 650 | _aTOXIDEZ | ||
| 650 | _aCARBAMATO | ||
| 650 | _aCOMPOSTO ORGÂNICO | ||
| 650 | _aCROMATOGRAFIA GASOSA | ||
| 773 | 0 |
_tAlimentos e Nutrição (Brazil) _xISSN 0103-4235 _g(Oct-Dec 2007), v. 18(4) p. 371-373 _wBR0903139 |
|
| 909 |
_a202311 _bLúcia _c55 _dLúcia Elande |
||
| 942 |
_2AGRIS _n0 _cANA |
||
| 999 |
_c203746 _d203746 |
||